| 000 | 00899nam a22002537a 4500 | ||
|---|---|---|---|
| 003 | URS | ||
| 005 | 20260223164113.0 | ||
| 008 | 260214t2025 ph ||||| |||| 001 0 eng d | ||
| 020 | _a9786214063840 | ||
| 040 |
_aDLC _bDLC _cDLC _dURS _erda |
||
| 082 |
_a346,59907 _bP2606 2025 |
||
| 100 |
_aPasahol, Jhon Ven Saint L., _eauthor. |
||
| 245 |
_aLegal frameworks : _bnavigating business law and taxation in the Philippines / _cJhon Ven Saint L. Pasahol. |
||
| 260 |
_aManila City _bMindshapers Co., Inc |
||
| 264 |
_aIntramuros, Manila: _bMindshapers Co., Inc., _c[2025] |
||
| 300 |
_avi, 433 pages _c25.5 cm. |
||
| 336 |
_2rdacontent _atext _btxt |
||
| 337 |
_2rdamedia _aunmediated _bn |
||
| 338 |
_2rdacarrier _avolume _bnc |
||
| 504 | _aIncludes bibliographical references (pages 431-433), and indexes. | ||
| 650 | _aBusiness Law -- Philippines | ||
| 650 | _aTaw Law -- Philippines | ||
| 942 |
_2ddc _cF |
||
| 999 |
_c98781 _d98778 |
||